banner koha

Subsolador: comparacao entre os desempenhos de hastes equipadas com ponteiras comuns e aladas (Registro n. 325498)

MARC details
000 -LÍDER
campo de controle de tamanho fixo 01079naa a22002897a 4500
001 - NÚMERO DE CONTROLE
campo de controle BR9201891
003 - IDENTIFICADOR DO NÚMERO DE CONTROLE
campo de controle BR-BrBNA
005 - DATA E HORÁRIO DA ÚLTIMA TRANSAÇÃO
campo de controle 20240918181507.0
007 - CAMPO FIXO DE DESCRIÇÃO FÍSICA--INFORMAÇÃO GERAL
campo de controle de tamanho fixo ta
008 - CAMPO DE DADOS FIXOS--INFORMAÇÃO GERAL
campo de controle de tamanho fixo 230509b bl.||||| |||| 00| 0 por d
040 ## - FONTE DA CATALOGAÇÃO
Instituição da catalogação original BR-BrBNA
Idioma da catalogação por
Instituição que transcreveu o registro Biblioteca Nacional de Agricultura
041 ## - CÓDIGO DE IDIOMA
Código do idioma do texto/trilha sonora ou título diferente (Pt)
072 ## - CÓDIGO DE CATEGORIA DE ASSUNTO
Código de Categoria de Assunto N20
090 ## - NÚMERO DE CHAMADA LOCAL
Número de chamada N20 BR9201891
100 1# - ENTRADA PRINCIPAL--NOME PESSOAL
Nome pessoal Lancas, K.P.
100 1# - ENTRADA PRINCIPAL--NOME PESSOAL
Nome pessoal Benez, S.H.
100 1# - ENTRADA PRINCIPAL--NOME PESSOAL
Nome pessoal Gamero, C.A.
100 1# - ENTRADA PRINCIPAL--NOME PESSOAL
Nome pessoal Furlani Junior, J.A.
111 1# - ENTRADA PRINCIPAL--NOME DO EVENTO
Nome do evento ou lugar 17. Congresso Brasileiro de Engenharia Agricola
Local do evento Sorocaba, SP (Brazil)
Data do evento ou assinatura do tratado 18-22 Jul 1988
245 1# - TÍTULO
Título Subsolador: comparacao entre os desempenhos de hastes equipadas com ponteiras comuns e aladas
260 3# - PUBLICAÇÃO, DISTRIBUIÇÃO, ETC.
Local de publicação, distribuição, etc. Sorocaba, SP (Brasil):
Data da publicação, distribuição, etc. 1988.
500 ## - NOTA GERAL
Nota geral 17. Congresso Brasileiro de Engenharia Agricola. Anais<br/>Sorocaba, SP (Brasil): 1988. v. 1 p. 167-175<br/>(BR9201891-AM)N20<br/>
650 ## - ASSUNTO--TERMO TÓPICO
Cabeçalho tópico ou nome geográfico Subsolador
773 0# - ENTRADA ANALÍTICA
Título 17. Congresso Brasileiro de Engenharia Agricola. Anais
Número de controle do registro N20 BR9201891
Partes relacionadas Sorocaba, SP (Brasil), 1988. v. 1 p. 167-175
909 ## -
-- 202404
-- Lucia
-- 55
-- Lucia Elande
942 ## - ELEMENTOS DE ENTRADA ADICIONADOS (KOHA)
Tipo de material Koha Capítulo-Livro
Fonte da classificação ou esquema de arquivamento na estante Classificação AGRIS
Exemplares
Situação do descarte Fonte da classificação ou esquema de arquivamento na estante Situação física Não pode ser emprestado Coleção Biblioteca de origem Biblioteca atual Localização na estante Total de empréstimos Número de telefone completo Data de último acesso Número do exemplar Tipo de material Koha Situação das perdas Data de aquisição Fonte de aquisição
  Classificação AGRIS       Biblioteca Nacional de Agricultura - Binagri Biblioteca Nacional de Agricultura - Binagri Agrobase - Acervo Geral   H10 BR9804267 20/05/2024 01 Capítulo-Livro   2024-04-11 Portaria Interministerial nº 164/94

BINAGRI

Telefone: (61)3218-2567/2388/3357/2097 - binagri@agro.gov.br

Ministério da Agricultura e Pecuária , Esplanada dos Ministérios, Bloco D, Anexo B, Brasília/DF, CEP: 70.043-900